Salon vanhat kunnat - Statistics

Yleistilastot
  • Tätä visaa on pelattu 70 kertaa
  • Keskiarvotulos 7 / 11
Vastaustilastot
Vastaus % Oikein
Halikko
98%
Perniö
83%
Kiikala
76%
Suomusjärvi
74%
Kisko
71%
Pertteli
69%
Kuusjoki
64%
Muurla
62%
Särkisalo
55%
Uskela
48%
Angelniemi
43%
Ehtoja vastaavia visoja ei löytynyt
Tulosjakauma
Jokaisen tuloksen saaneiden osuus
Persentiili vastausten määrän mukaan
Tuloshistoriasi
Et ole pelannut tätä visaa